000 00440nam a2200181Ia 4500
001 4402
005 20260306145753.0
008 260306t1991||||xx |||||||||||||| ||spa||
041 _aESP
082 _a321.5
_bB94 1991
100 _aBurga, Manuel
_eAUT
245 0 _aApogeo y crisis de la República Aristocrática
260 _c1991
300 _a219 páginas :
_c20 cm.
650 _aGEN
654 _aCHU
942 _cLIB
_dJUS
_fJUS
_2ddc
_n
999 _c4402
_d4402